| 000 | 03530nam a2200457Ia 4500 | ||
|---|---|---|---|
| 001 | dia_724 | ||
| 003 | CHAP | ||
| 005 | 20250826131537.0 | ||
| 007 | ta | ||
| 008 | 220117s1998 mx ad frm 001 0 spa d | ||
| 010 | _a171273 | ||
| 040 |
_cCHAP _amxchpua _erda |
||
| 041 | 0 |
_aspa _beng |
|
| 090 |
_aTesis _bP476 _c1998 |
||
| 100 | 1 | _aPérez Romero, José Ricardo | |
| 240 | 1 | 3 |
_aComputation program for calculating the pressure losses in pipe systems in series. _lEspañol |
| 245 | 1 | 0 |
_aProgramas de cómputo para calcular pérdidas de carga en sistemas en serie de tuberías / _cJosé Ricardo Pérez Romero |
| 264 |
_aChapingo, México : _bEl autor, _c1998 |
||
| 300 |
_axi, 156 hojas : _bilustraciones, gráficas, tablas |
||
| 336 |
_2rdacontent _atexto _btxt |
||
| 337 |
_2rdamedia _ano mediado _bn |
||
| 338 |
_2rdacarrier _avolumen _bnc |
||
| 502 |
_aTesis _b(Ingeniero Agroindustrial) -- _cUACh. Departamento de Ingeniería Agroindustrial, _d1998 |
||
| 504 | _aBibliografía: hojas 90-92 | ||
| 520 | 3 | _aEste trabajo abarca el tema de pérdidas de presión en sistemas de tubería en serie cuyos cálculos normalmente consumen una parte considerable del proceso de diseño v análisis de sistemas de flujo de fluidos. La solución de problemas de pérd1das de carga en la industria es útil para el diseño y reparación de los sistemas de tuberías, determinando diámetros, materiales, trayectorias y velocidades de flujo, además, es uno de los datos necesarios para la selección ubicación de bombas. Con objeto de hacer con precisión y más ágil tal cálculo fue elaborado un programa de cómputo llamado CALPER 2. este puede utilizarse en actividades didácticas o de investigación. El programa utiliza el Sistema Internacional de Unidades y posee una interfaz de trabajo interactiva con el usuario, característico de los programas Windows 95, esto se logró empleando el lenguaje de programación Borland Delphi versión 3 y la base de datos Paradox versión 7. -- | |
| 520 | 3 | _aThe present work deals with the topic of pressure losses in pipe systems in series whose calculations usually spend a considerable time of the processes of design and analysis of flowing systems of fluids. The solution of pressure-losses probi. ms in the industry is useful for the design and reparation of pipe systems, determining diameters, maternals. trajections, and flow-speeds. Also, this is part of the necessary data for the selection and locat.on of pumps. In order to do such calculation with more accuracy and faster, computation program called CALPER 2 was elaborated. This program can be used in didactic tasks or in research. The program requires the use of the International System of Units and it has an inter-active working interface with the user, which is a characteristic of Windows 95. This was achieved by using the Borland Delphi programming, version 3, and the Paradox data base, version 7. | |
| 650 | 1 | 3 |
_aDuctos _2atg _xPresión |
| 650 | 1 | 3 |
_aMecánica de fluídos _2atg _xProgramas de computadores |
| 650 | 1 | 3 |
_aPipelines _2atg _xPressure |
| 650 | 1 | 3 |
_aFluid mechanics _2atg _xComputer software |
| 700 | 1 |
_aReyes Vigil, Miguel _edirector |
|
| 700 | 1 |
_aValle Guadarrama, Salvador _easesor |
|
| 700 | 1 |
_aPérez Barrón, Juan _easesor |
|
| 901 | _aTESIS P476 1998 | ||
| 902 | _aM | ||
| 905 | _a0000001998 mx A 0000000000spa00 | ||
| 942 |
_cTESIS _2Clasificación Universidad Autónoma Chapingo |
||
| 999 |
_c171273 _d171273 |
||